Odvody SZČO do Sociálnej poisťovne od 1.7.2016

Charakteristika SZČO podľa zákona o sociálnom poistení. Poistenie na sociálne poistenie. Vymeriavací základ SZČO na platenie poistného od 1.7.2016. Povinnosti Sociálnej poisťovne voči SZČO. Povinnosti SZČO pri platbe odvodov do Sociálnej poisťovne.

Guardado en:
Detalles Bibliográficos
Autor principal: Strählová, Jarmila
Formato: Capítulo de libro
Lenguaje:eslovaco
Materias:
Etiquetas: Agregar Etiqueta
Sin Etiquetas, Sea el primero en etiquetar este registro!

MARC

LEADER 00000naa a2200000 4500
001 0220293
005 20231109105835.5
041 0 |a slo 
044 |a SK 
245 1 0 |a Odvody SZČO do Sociálnej poisťovne od 1.7.2016  |c Jarmila Strählová 
520 |a Charakteristika SZČO podľa zákona o sociálnom poistení. Poistenie na sociálne poistenie. Vymeriavací základ SZČO na platenie poistného od 1.7.2016. Povinnosti Sociálnej poisťovne voči SZČO. Povinnosti SZČO pri platbe odvodov do Sociálnej poisťovne. 
610 2 0 |a poistenie sociálne 
610 2 0 |a odvody 
610 2 0 |a základ vymeriavací 
610 2 0 |a priznania daňové 
610 2 0 |a legislatíva 
610 2 0 |a osoby samostatne zárobkovo činné 
100 1 |a Strählová, Jarmila